Carta sobre los ciegos seguido de Carta sobre los sordomudos /

El filósofo y escritor francés Jacques Diderot (1713-1784) es recordado principalmente por su trabajo como organizador, redactor y autor de la Enciclopedia: convirtió el encargo de traducir la Cyclopedia, del inglés E. Chambers, en un importante instrumento de difusión de la cultura ilustrada, que f...

Descrición completa

Gardado en:
Detalles Bibliográficos
Autor Principal: Diderot, Denis (autor)
Formato: Libro
Idioma:Lingua castelá
Publicado: Valencia, España : Pre-Textos : Fundación ONCE, 2002, c2002
Series:(Pre-Textos ; Letras Diferentes) 15.
Temas:
Etiquetas: Engadir etiqueta
Sen Etiquetas, Sexa o primeiro en etiquetar este rexistro!

MARC

LEADER 00000nam^a2200000^a^4500
001 000148054
005 20250521000000.0
009 20260310100009.247
020 |a 84-8191-497-5 
037 |a Acervo ITESO - Biblioteca 
041 |a ESP 
082 |a 190.  |b DID 
100 |a Diderot, Denis  |e (autor) 
240 1 1 |a [Carta sobre los ciegos] 
240 1 1 |a [Carta sobre los sordomudos] 
245 1 0 |a Carta sobre los ciegos seguido de Carta sobre los sordomudos /  |c D. Diderot ; notas y tr. por Julia Escobar. 
264 4 |a Valencia, España :  |b Pre-Textos :  |b Fundación ONCE,  |c 2002, c2002 
300 |a 168 p. 
336 |a texto  |b txt  |2 rdacontenido 
337 |a sin mediación  |b n  |2 rdamedio 
338 |a volumen  |b nc  |2 rdasoporte 
440 1 |a (Pre-Textos ;  |v 15.  |p Letras Diferentes) 
520 |a El filósofo y escritor francés Jacques Diderot (1713-1784) es recordado principalmente por su trabajo como organizador, redactor y autor de la Enciclopedia: convirtió el encargo de traducir la Cyclopedia, del inglés E. Chambers, en un importante instrumento de difusión de la cultura ilustrada, que fue culminado en 1772, pese a las persecuciones sufridas por la obra. Una parte importante de sus escritos filosóficos y científicos está dedicada al problema de dilucidar cómo se produce la vida y, a niveles superiores, cómo se producen la conciencia y el pensamiento, pero su obra no permite delimitaciones rígidas: las creaciones literarias albergan pensamientos filosóficos muy intencionados, en tanto los trabajos científicos, filosóficos o históricos muestran un estilo que busca eludir la aridez. Pensamientos filosóficos (1746), libro condenado a la hoguera por el Parlamento, inicia la bibliografía del autor francés, cuya vertiente más académica prosigue con Pensamientos sobre la interpretación de la naturaleza (1753); Ensayo sobre los reinados de Claudio y Nerón (1784); Suplemento al viaje de Bougainville (1772, publicado en 1796); Paradoja del comediante (1773) y Sueño de D'Alembert (1830), entre otros títulos, a los que deben añadirse las voces escritas para la Enciclopedia. La producción narrativa del autor está formada por relatos y por las novelas Las alhajas indiscretas o Los dijes indiscretos (1747); La religiosa (1760, publicada en 1780); Jacques el fatalista y su amo (1796) y El sobrino de Rameau (inédita hasta 1821). Como dramaturgo, Diderot escribió El hijo natural (1757) y El padre de familia (1758), dramas precedidos por los ensayos de teoría teatral Conversaciones sobre "El hijo natural" y Discursos sobre poesía dramática. Complementan la obra de Diderot las recensiones de los Salons, que crearon la crítica de arte moderno, y su extensa Correspondencia. 
649 |a XX 
650 |a Cartas Francesas 
650 |a Literatura Francesa -  |y Siglo XVIII 
650 |a Ceguera 
650 |a Sordera 
650 |a Sentidos y Sensaciones 
650 |a Percepción 
650 |a Lenguaje y Lenguas 
650 |a Enciclopedia 
650 |a Ilustración (Filosofía) -  |x Tema Principal 
650 |a Filosofía Moderna 
650 |a Filosofía Francesa 
740 0 |a Carta sobre los sordomudos /  |c D. Diderot ; tr. y notas de Julia Escobar. 
910 |a Fondo General 
920 |a Impresos - Libros 
930 |a Colección General 
905 |a 101 
901 |a 0500077300  |b IT1  |c ACC  |u 20250521 
902 |a https://opac.biblio.iteso.mx/vufind/Record/000148054